The social policy of Nazi Germany /

Bibliographic Details
Main Author: Guillebaud, C. W. (Claude William), 1890-1971
Format: Book
Language:English
Published: Cambridge [England] : The University Press, 1941.
Series:Current problems.
Subjects:

MARC

Tag First Indicator Second Indicator Subfields
LEADER 00000cam a2200000 4500
001 in00000074302
005 20151008052552.0
008 730111s1941 enka b 00000 eng u
010 |a a 41003025  
035 |a (OCoLC)00536125 
035 |9 AAH3919AM 
040 |c CSU  |d TXA  |d UtOrBLW 
049 |a TXAM  |c [235374] 
050 0 0 |a HN445  |b .G85 
082 0 |a 309.1/43/085 
092 |a 331.0943  |b G958s 
100 1 |a Guillebaud, C. W.  |q (Claude William),  |d 1890-1971. 
245 1 4 |a The social policy of Nazi Germany /  |c by C. W. Guillebaud. 
264 1 |a Cambridge [England] :  |b The University Press,  |c 1941. 
300 |a viii, 134 pages :  |b incl.tables. ;  |c 18 cm. 
336 |a text  |b txt  |2 rdacontent 
337 |a unmediated  |b n  |2 rdamedia 
338 |a volume  |b nc  |2 rdacarrier 
490 1 |a Current problems 
504 |a Includes bibliographical references. 
650 0 |a Working class  |z Germany. 
651 0 |a Germany  |x Social conditions. 
650 0 |a Labor movement  |z Germany. 
650 0 |a Labor  |z Germany. 
830 0 |a Current problems. 
999 |a MARS 
999 f f |s 4ed2043a-4a84-35b7-bd83-51e1e4572e1a  |i b2cdc819-5850-3736-8dcd-a0a86a747376  |t 0 
952 f f |p ric  |a Texas A&M University  |b Rellis Campus  |c Joint Library Facility  |d Remote Storage  |t 0  |e HN445 .G85  |h Library of Congress classification  |i unmediated -- volume  |m A14800713082 
998 f f |a HN445 .G85  |t 0  |l Remote Storage